LIBRARY & INFORMATION CENTRE, KCAET, TAVANUR

ONLINE PUBLIC ACCESS CATALOGUE (OPAC)

PRODUCTION AND CHARACTERIZATION OF ACTIVATED CHARCOAL FROM COCOA POD (Record no. 17725)

MARC details
000 -LEADER
fixed length control field 00470nam a22001577a 4500
003 - CONTROL NUMBER IDENTIFIER
control field OSt
082 ## - DEWEY DECIMAL CLASSIFICATION NUMBER
Classification number 664
Item number HAR/PR
088 ## - REPORT NUMBER
Report number 586
100 ## - MAIN ENTRY--AUTHOR NAME
Personal name HARITHA H
-- JOSEPH P J
-- MALU S
-- MEGHA
-- SHARON SHAJI
245 ## - TITLE STATEMENT
Title PRODUCTION AND CHARACTERIZATION OF ACTIVATED CHARCOAL FROM COCOA POD
260 ## - PUBLICATION, DISTRIBUTION, ETC. (IMPRINT)
Place of publication TAVANUR
Name of publisher DEPARTMENT OF PROCESSING AND FOOD ENGINEERING
Year of publication 2023
300 ## - PHYSICAL DESCRIPTION
Number of Pages 62
700 ## - ADDED ENTRY--PERSONAL NAME
Personal name SREEJA R (GUIDE)
700 ## - ADDED ENTRY--PERSONAL NAME
Personal name ANJITHA P K ( GUIDE)
942 ## - ADDED ENTRY ELEMENTS (KOHA)
Koha item type Project Report
Holdings
Collection code Home library Current library Full call number Accession Number Koha item type
Reference KAUAET KAUAET 664 HAR/PR P 586 Project Report
free website counter